Statistics for Greek Titans Quiz

Click here to take the quiz!

General Stats

  • This quiz has been taken 152 times
  • The average score is 11 of 33

Answer Stats

HintAnswer% Correct
The Leader Of The TitansCronus
80%
Titan Who Was Forced To Hold Up The SkyAtlas
67%
Creater Of HumansPrometheus
67%
Titan Of The SunHelios
66%
Titan Of The OceanOceanus
64%
Titan Of Fertility And MothersRhea
63%
Titan Of The Moonselene
60%
Titan Of LightHyperion
56%
Titan Of The DawnEos
50%
Titan Of Divine Law And OrderThemis
41%
Titan Of The River StyxStyx
40%
Titan Of AfterthoughtEpimetheus
36%
Titan Of MemoryMnemosyne
36%
Titan Of ProphecyPhoebe
36%
Titan Of The SouthCrius
34%
Titan Of IntelligenceCoeus
29%
Titan Of Rivers, Fountains And CloudsTethys
27%
Titan Of Sight And The Light Of The SkyTheia
26%
Titan Of MotherhoodLeto
24%
Titan Of Oracles And Falling StarsAsteria
20%
Titan Of WisdomMetis
18%
Titan Of WarPallas
18%
Titan Of PeacePerses
14%
Titn Of MortalityLapetus
13%
Titan Of Dusk, Stars And PlanetsAstraeus
12%
Titan Of The BreezeAura
10%
Titan Of AngerMenoetius
10%
He Ruled The Earth Before CronusOphion
8%
Titan Of The Oracle Of DodonaDione
7%
Titan Of The SeaEurybia
7%
Titan Of HuntersLelantos
7%
Titan Of FameAsia
5%
Titan Of PasturesEurynome
5%

Score Distribution

Percentile by Number Answered

Percent of People with Each Score

Your Score History

You have not taken this quiz